Tribhuvan University Central Library

High energy physics and nuclear structure (Record no. 83115)

MARC details
000 -LEADER
fixed length control field 00380nam a22001457a 4500
008 - FIXED-LENGTH DATA ELEMENTS--GENERAL INFORMATION
fixed length control field 180704b xxu||||| |||| 00| 0 eng d
082 ## - DEWEY DECIMAL CLASSIFICATION NUMBER
Classification number 539.7
Item number In8h
100 ## - MAIN ENTRY--PERSONAL NAME
Personal name Devons, Samuel
245 ## - TITLE STATEMENT
Title High energy physics and nuclear structure
260 ## - PUBLICATION, DISTRIBUTION, ETC.
Place of publication, distribution, etc. new York
Name of publisher, distributor, etc. Plenum Press
Date of publication, distribution, etc. 1970
300 ## - PHYSICAL DESCRIPTION
Extent xli,859p.
650 ## - SUBJECT ADDED ENTRY--TOPICAL TERM
Topical term or geographic name entry element Nuclear physics
650 ## - SUBJECT ADDED ENTRY--TOPICAL TERM
Topical term or geographic name entry element Atomic
942 ## - ADDED ENTRY ELEMENTS (KOHA)
Source of classification or shelving scheme Dewey Decimal Classification
Koha item type General Collections
Holdings
Withdrawn status Lost status Source of classification or shelving scheme Damaged status Not for loan Home library Current library Date acquired Total Checkouts Full call number Barcode Date last seen Date last checked out Price effective from Koha item type
    Dewey Decimal Classification     Tribhuvan University Central Library Tribhuvan University Central Library 07/04/2018 1 539.7 In8h 61265 07/24/2018 07/04/2018 07/04/2018 General Collections